Youth basketball drills / (Record no. 357875)
[ view plain ]
| 000 -LEADER | |
|---|---|
| fixed length control field | 00568nam a2200217Ia 4500 |
| 008 - FIXED-LENGTH DATA ELEMENTS--GENERAL INFORMATION | |
| fixed length control field | 180523s9999 xx 000 0 und d |
| 020 ## - INTERNATIONAL STANDARD BOOK NUMBER | |
| International Standard Book Number | 978-1-4504-3219-1 |
| 050 ## - LIBRARY OF CONGRESS CALL NUMBER | |
| Classification number | MAIN GV 886.3 |
| 050 ## - LIBRARY OF CONGRESS CALL NUMBER | |
| Item number | .P39 2013 |
| 100 ## - MAIN ENTRY--PERSONAL NAME | |
| Personal name | Paye, Burrall. |
| 245 #0 - TITLE STATEMENT | |
| Title | Youth basketball drills / |
| 245 #0 - TITLE STATEMENT | |
| Statement of responsibility, etc | Burrall Paye, Patrick Paye. |
| 250 ## - EDITION STATEMENT | |
| Edition statement | 2nd edition. |
| 260 ## - PUBLICATION, DISTRIBUTION, ETC. (IMPRINT) | |
| Place of publication, distribution, etc | Champaign, IL : |
| 260 ## - PUBLICATION, DISTRIBUTION, ETC. (IMPRINT) | |
| Name of publisher, distributor, etc | Human Kinetics, |
| 260 ## - PUBLICATION, DISTRIBUTION, ETC. (IMPRINT) | |
| Date of publication, distribution, etc | 2013 |
| 300 ## - PHYSICAL DESCRIPTION | |
| Extent | 345 pages : |
| 300 ## - PHYSICAL DESCRIPTION | |
| Other physical details | illustrations ; |
| 300 ## - PHYSICAL DESCRIPTION | |
| Dimensions | 26 cm. |
| 650 ## - SUBJECT ADDED ENTRY--TOPICAL TERM | |
| Topical term or geographic name as entry element | Youth league basketball -- Coaching. |
| Withdrawn status | Lost status | Damaged status | Home library | Current library | Shelving location | Date acquired | Cost, normal purchase price | Total Checkouts | Total Renewals | Full call number | Barcode | Date last seen | Date checked out | Price effective from | Koha item type |
|---|---|---|---|---|---|---|---|---|---|---|---|---|---|---|---|
| South Mansfield College | South Mansfield College | 02/14/2017 | 2025.00 | 1 | 22 | MAIN GV 886.3 .P39 2013 | SMC06103 | 06/01/2020 | 07/09/2018 | 05/23/2018 | Books |